[Event "Oebro CXU Nytaar 2025"]
[Site "Copenhagen"]
[Date "2025.12.29"]
[Round "5.8"]
[White "Slavensky, Asbjorn Vesterkaer"]
[Black "Veiergang, Oscar Jacob"]
[Result "1/2-1/2"]
[WhiteElo "2118"]
[BlackElo "2208"]
[EventDate "2025.12.27"]
[EventType "swiss"]
[EventRounds "7"]
[EventCountry "DEN"]
[SourceTitle "Live v. Obro Skakforening"]

1. d4 d6 2. e4 Nf6 3. Nc3 g6 4. Be3 Bg7 5. f3 c6 6. Qd2 h5 7. Nge2 b5 8. Nd1 Nbd7 9. Nf2 Nb6 10. b3 a5 11. Nf4 Qc7 12. Be2 O-O 13. Rd1 b4 14. O-O Bb7 15. N4d3 Nfd7 16. g4 hxg4 17. Nxg4 Nf6 18. Ndf2 Nbd7 19. Bd3 c5 20. d5 Ba6 21. Bxa6 Rxa6 22. Qd3 Rfa8 23. f4 Nf8 24. Nxf6+ exf6 25. Ng4 Qe7 26. f5 R6a7 27. Rde1 Re8 28. Bd2 a4 29. Qh3 axb3 30. axb3 Nd7 31. Bh6 Bh8 32. fxg6 fxg6 33. Bf4 Bg7 34. Qg2 Ra2 35. Kh1 c4 36. Rf2 cxb3 37. cxb3 Rxf2 38. Nxf2 Kf7 39. Rg1 g5 40. Bd2 Nc5 41. Bxb4 Nxe4 42. Re1 Nxf2+ 43. Qxf2 Qb7 44. Qf5 Rxe1+ 45. Bxe1 Qxb3 46. Qe6+ Kg6 47. Bg3 1/2-1/2

[Event "Oebro CXU Nytaar 2025"]
[Site "Copenhagen"]
[Date "2025.12.29"]
[Round "5.9"]
[White "Jarlskov, Daniel Tuk Hartso"]
[Black "Rosenlund, Thorbjorn"]
[Result "1-0"]
[WhiteElo "2202"]
[BlackElo "2062"]
[WhiteFideId "1463896"]
[BlackFideId "1400614"]
[EventDate "2025.12.27"]
[EventType "swiss"]
[EventRounds "7"]
[EventCountry "DEN"]
[SourceTitle "Live v. Obro Skakforening"]

1. d4 Nf6 2. c4 g6 3. h4 Bg7 4. Nc3 d6 5. e4 Nc6 6. Nf3 Bg4 7. Be2 e5 8. d5 Nd4 9. Nxd4 exd4 10. Qxd4 O-O 11. Qd3 Re8 12. f3 Bd7 13. Be3 Nh5 14. O-O-O f5 15. Bg5 Bf6 16. f4 Bxg5 17. fxg5 Nf4 18. Qf3 Nxe2+ 19. Qxe2 Re5 20. Qf3 Qe7 21. Rde1 Re8 22. Re3 fxe4 23. Qe2 Kh8 24. Re1 Qf7 25. Nxe4 Qe7 26. Kd2 1-0

[Event "Oebro CXU Nytaar 2025"]
[Site "Copenhagen"]
[Date "2025.12.29"]
[Round "5.10"]
[White "Alzaga, Luis"]
[Black "Lauritsen, Martin Lee"]
[Result "1/2-1/2"]
[WhiteElo "1996"]
[BlackElo "2115"]
[WhiteFideId "1481606"]
[BlackFideId "1408658"]
[EventDate "2025.12.27"]
[EventType "swiss"]
[EventRounds "7"]
[EventCountry "DEN"]
[SourceTitle "Live v. Obro Skakforening"]

1. e4 c5 2. Nf3 Nc6 3. d4 cxd4 4. Nxd4 e5 5. Nb5 d6 6. N1c3 a6 7. Na3 b5 8. Nd5 Nce7 9. c4 Nxd5 10. exd5 bxc4 11. Nxc4 Be7 12. Be2 Nf6 13. Bg5 O-O 14. O-O Bb7 15. Bxf6 Bxf6 16. Qd3 a5 17. Rad1 Ba6 18. Qa3 Bxc4 19. Bxc4 Qb6 20. b3 Rfc8 21. Rd3 Bg5 22. Qa4 Rc7 23. Bb5 Rb8 24. Bc6 Qb4 25. Rdd1 Kf8 26. Rb1 f5 27. a3 Qxa4 28. bxa4 Rxb1 29. Rxb1 Ke7 30. Kf1 1/2-1/2

[Event "Oebro CXU Nytaar 2025"]
[Site "Copenhagen"]
[Date "2025.12.29"]
[Round "5.11"]
[White "Skovgaard, Andreas"]
[Black "Peitersen, Andreas"]
[Result "0-1"]
[WhiteElo "2098"]
[BlackElo "2054"]
[WhiteFideId "1450760"]
[BlackFideId "1479814"]
[EventDate "2025.12.27"]
[EventType "swiss"]
[EventRounds "7"]
[EventCountry "DEN"]
[SourceTitle "Live v. Obro Skakforening"]

1. d4 Nf6 2. c4 e6 3. Nc3 Bb4 4. e3 O-O 5. Ne2 d5 6. a3 Bd6 7. c5 Be7 8. b4 b6 9. Bb2 a5 10. Nf4 Bb7 11. Nd3 Nbd7 12. f4 Ne4 13. Nxe4 dxe4 14. Nf2 axb4 15. axb4 Nf6 16. Bc4 Nd5 17. Qd2 Rxa1+ 18. Bxa1 Qa8 19. O-O Qa3 20. Bxd5 Bxd5 21. Bb2 Qb3 22. Ra1 Ra8 23. Rxa8+ Bxa8 24. Qc3 Qxc3 25. Bxc3 Kf8 26. Kf1 Bd5 27. Ke2 f5 28. g3 Ke8 29. Nd1 g5 30. Nb2 gxf4 31. gxf4 Kf7 32. Kf2 Bb3 33. Kg2 Bf6 34. Be1 bxc5 35. bxc5 Ke7 36. Kh3 Kd7 37. Bh4 Bg7 38. Be1 Bf6 39. Kg2 Kc6 40. Kf1 Kb5 41. Ke2 c6 42. Bc3 Bh4 43. Bd2 Bd8 44. Bc3 Ba5 45. Kd2 Bb4 46. Nd1 Bxd1 47. Bxb4 Kxb4 0-1

[Event "Oebro CXU Nytaar 2025"]
[Site "Copenhagen"]
[Date "2025.12.29"]
[Round "5.12"]
[White "Saravana, Vedant Kumar"]
[Black "Pedersen, Jan Nordenbaek"]
[Result "0-1"]
[WhiteElo "2063"]
[BlackElo "2171"]
[WhiteFideId "45059730"]
[EventDate "2025.12.27"]
[EventType "swiss"]
[EventRounds "7"]
[EventCountry "DEN"]
[SourceTitle "Live v. Obro Skakforening"]

1. e4 c5 2. Nf3 Nc6 3. Bb5 d6 4. Bxc6+ bxc6 5. d4 cxd4 6. Qxd4 e5 7. Qd3 Be7 8. O-O Nf6 9. c4 O-O 10. Nc3 Qc7 11. b3 Re8 12. Bb2 Bf8 13. Rfd1 Nh5 14. Bc1 g6 15. b4 Bb7 16. b5 Rac8 17. Be3 cxb5 18. Nxb5 Qxc4 19. Qxc4 Rxc4 20. Nxd6 Bxd6 21. Rxd6 Ra4 22. Nd2 Bxe4 23. Nxe4 Rxe4 24. Bxa7 Ra4 25. Bc5 Rc8 26. Be3 Ng7 27. Rd5 f6 28. g3 Nf5 29. Rd2 Nxe3 30. fxe3 Kg7 31. Kf2 Kh6 32. Rb1 Kg5 33. Rb7 h5 34. h4+ Kg4 35. Rb6 Rf8 36. Rc6 g5 37. Rdc2 Rfa8 38. R6c4+ e4 39. a3 gxh4 40. gxh4 Rxc4 41. Rxc4 f5 42. a4 Kxh4 43. Rc5 Kg4 44. a5 h4 45. Kg2 Ra6 46. Rb5 h3+ 47. Kf2 Rc6 48. Rb2 h2 49. Kg2 Rh6 50. Kh1 Kf3 51. Ra2 Kxe3 52. a6 Rh8 53. a7 Ra8 54. Kxh2 Kf3 55. Ra3+ e3 56. Kg1 f4 57. Kf1 Ke4 58. Ke1 f3 59. Ra4+ Kf5 60. Ra3 Kf4 61. Ra4+ Kg3 62. Ra6 Rc8 63. Ra1 Kg4 64. Ra6 Ra8 65. Ra1 Kg3 66. Ra3 f2+ 67. Ke2 Kg2 68. Ra1 0-1

[Event "Oebro CXU Nytaar 2025"]
[Site "Copenhagen"]
[Date "2025.12.29"]
[Round "5.13"]
[White "Vehl, Tina"]
[Black "Porte, Henrik"]
[Result "1/2-1/2"]
[WhiteElo "1873"]
[BlackElo "2122"]
[WhiteFideId "1418262"]
[BlackFideId "1016326"]
[EventDate "2025.12.27"]
[EventType "swiss"]
[EventRounds "7"]
[EventCountry "DEN"]
[SourceTitle "Live v. Obro Skakforening"]

1. e4 c6 2. d4 d5 3. exd5 cxd5 4. Bd3 Nc6 5. c3 Nf6 6. Bf4 e6 7. Nf3 Bd6 8. Bxd6 Qxd6 9. Nbd2 O-O 10. Qe2 a6 11. O-O b5 12. a3 Bb7 13. Ne5 Ne7 14. f4 g6 15. Rae1 Nc8 16. g4 Nd7 17. Nxd7 Qxd7 18. f5 exf5 19. gxf5 Nd6 20. f6 Rfe8 21. Qf3 Rxe1 22. Rxe1 Re8 23. Rf1 Re6 24. Nb3 Qe8 25. Nc5 Re1 26. Nxb7 Nxb7 27. Kf2 Re6 28. Qxd5 Rxf6+ 29. Kg2 Rxf1 30. Kxf1 Qc8 31. Be4 Qh3+ 32. Kg1 Qe3+ 33. Kg2 Nd6 34. Qxd6 Qxe4+ 35. Kg3 Qe3+ 36. Kg2 Qe2+ 37. Kg3 Qe3+ 38. Kg2 Qe2+ 1/2-1/2

[Event "Oebro CXU Nytaar 2025"]
[Site "Copenhagen"]
[Date "2025.12.29"]
[Round "5.14"]
[White "Olsen, Michael Richard W"]
[Black "Elnegaard, Tristan Lund"]
[Result "1/2-1/2"]
[WhiteElo "2115"]
[BlackElo "1867"]
[WhiteFideId "1440969"]
[BlackFideId "1480707"]
[EventDate "2025.12.27"]
[EventType "swiss"]
[EventRounds "7"]
[EventCountry "DEN"]
[SourceTitle "Live v. Obro Skakforening"]

1. e4 e6 2. Be2 d5 3. d3 c5 4. Nc3 Nc6 5. Bf3 d4 6. Nce2 Bd6 7. g3 Nge7 8. Bg2 Bc7 9. f4 b5 10. Nf3 a5 11. O-O Bb7 12. Bd2 a4 13. Be1 b4 14. Bf2 a3 15. b3 Na7 16. Qd2 Nec6 17. g4 Nb5 18. Bh4 Qd7 19. Rae1 Nc3 20. f5 e5 21. Nc1 Bd8 22. Bg3 Bc7 23. f6 g6 24. g5 O-O-O 25. Kf2 Nb1 26. Qe2 Nc3 1/2-1/2

[Event "Oebro CXU Nytaar 2025"]
[Site "Copenhagen"]
[Date "2025.12.29"]
[Round "5.15"]
[White "Thuesen, Mogens Henrik"]
[Black "Rasmussen, Morten"]
[Result "1-0"]
[WhiteElo "2113"]
[BlackElo "1827"]
[BlackFideId "1410865"]
[EventDate "2025.12.27"]
[EventType "swiss"]
[EventRounds "7"]
[EventCountry "DEN"]
[SourceTitle "Live v. Obro Skakforening"]

1. Nf3 c5 2. b3 Nc6 3. Bb2 Nf6 4. e3 g6 5. Bb5 Bg7 6. O-O O-O 7. Re1 Qc7 8. a4 d5 9. d3 Rd8 10. Nbd2 b6 11. Bxc6 Qxc6 12. Ne5 Qc7 13. f4 Ng4 14. Ndf3 Nh6 15. Nh4 Ng4 16. Nhf3 Nh6 17. d4 Nf5 18. a5 b5 19. dxc5 Qxc5 20. Nd3 Qc7 21. Bxg7 Kxg7 22. Qc1 Nd6 23. Qb2+ f6 24. Nd4 Kf7 25. Nb4 Qc5 26. Nbc6 Re8 27. b4 Qc4 28. Ra3 Ne4 29. a6 Bd7 30. Na5 Qc7 31. Qb3 e6 32. Qd3 Rac8 33. Nb7 Nd6 34. Nxd6+ Qxd6 35. c3 Qb6 36. Nb3 Rc7 37. Nc5 Bc6 38. Ra2 Rce7 39. Rf2 Rd8 40. Qd4 Qb8 41. g4 e5 42. fxe5 Qxe5 43. Nd3 Qg5 44. Rxf6+ Qxf6 45. Rf1 Qxf1+ 46. Kxf1 Rde8 47. g5 Kg8 48. Kf2 Re4 49. Qc5 Ba8 50. Nf4 d4 51. Nd5 dxe3+ 52. Ke2 R4e5 53. Nf6+ Kf7 54. Qxa7+ R8e7 55. Qxa8 Rxg5 56. Nxh7 Rh5 57. Qf8+ Ke6 58. Qf6+ Kd7 59. Nf8+ Ke8 60. Qxg6+ Kxf8 61. Qxh5 1-0

[Event "Oebro CXU Nytaar 2025"]
[Site "Copenhagen"]
[Date "2025.12.29"]
[Round "5.16"]
[White "Rasmussen, Victoria"]
[Black "Moe, Mogens"]
[Result "0-1"]
[WhiteElo "1751"]
[BlackElo "2097"]
[WhiteFideId "1487531"]
[BlackFideId "1400550"]
[EventDate "2025.12.27"]
[EventType "swiss"]
[EventRounds "7"]
[EventCountry "DEN"]
[SourceTitle "Live v. Obro Skakforening"]

1. e4 c5 2. Nf3 e6 3. d4 cxd4 4. Nxd4 Nf6 5. Bd3 Nc6 6. Be3 d5 7. Nxc6 bxc6 8. e5 Nd7 9. f4 c5 10. c3 Qb6 11. Qe2 Rb8 12. b3 d4 13. cxd4 cxd4 14. Bf2 Bb4+ 15. Nd2 Bc3 16. Rc1 Qa5 17. Rc2 Nc5 18. O-O O-O 19. Nc4 Qb4 20. Rfc1 Ba6 21. a3 Qb5 22. Rxc3 dxc3 23. Bxc5 Qxc5+ 24. Ne3 Bxd3 25. Qxd3 Rxb3 0-1

[Event "Oebro CXU Nytaar 2025"]
[Site "Copenhagen"]
[Date "2025.12.29"]
[Round "5.17"]
[White "Ravikumar, Hanesh"]
[Black "Nielsen, Pia"]
[Result "1-0"]
[WhiteElo "1907"]
[BlackElo "1541"]
[WhiteFideId "1481878"]
[BlackFideId "1409700"]
[EventDate "2025.12.27"]
[EventType "swiss"]
[EventRounds "7"]
[EventCountry "DEN"]
[SourceTitle "Live v. Obro Skakforening"]

1. c4 c6 2. g3 d5 3. Nf3 Nf6 4. b3 Bg4 5. Ne5 Bh5 6. Bb2 Nbd7 7. Nxd7 Qxd7 8. d4 e6 9. Nc3 Bd6 10. Bg2 h6 11. O-O Bg4 12. Qc2 e5 13. dxe5 Bxe5 14. cxd5 Bh3 15. dxc6 bxc6 16. Na4 Bxg2 17. Kxg2 Bxb2 18. Nxb2 O-O 19. Rfd1 Qe6 20. Qc4 Qxc4 21. Nxc4 Rad8 22. Ne3 g6 23. Rxd8 Rxd8 24. Rd1 Rxd1 25. Nxd1 Kf8 26. Nc3 Ke7 27. Kf3 Ke6 28. h3 Nd7 29. Ke4 f5+ 30. Kd4 Kd6 31. f4 Nf6 32. e4 fxe4 33. Nxe4+ Nxe4 34. Kxe4 Ke6 35. g4 a6 36. f5+ gxf5+ 37. gxf5+ Kf6 38. b4 h5 39. h4 Kf7 40. Ke5 Ke7 41. f6+ Kf7 42. Kf5 Kf8 43. Kg6 Kg8 44. Kxh5 Kh7 45. Kg5 a5 46. bxa5 c5 47. a6 c4 48. a7 c3 49. a8=Q c2 50. Qb7+ Kg8 51. Qg7# 1-0

[Event "Oebro CXU Nytaar 2025"]
[Site "Copenhagen"]
[Date "2025.12.29"]
[Round "5.18"]
[White "Ramsdal, Mikkel"]
[Black "Thorsbro, Peter"]
[Result "1-0"]
[WhiteElo "1935"]
[BlackElo "2157"]
[WhiteFideId "1438484"]
[BlackFideId "1406671"]
[EventDate "2025.12.27"]
[EventType "swiss"]
[EventRounds "7"]
[EventCountry "DEN"]
[SourceTitle "Live v. Obro Skakforening"]

1. d4 d5 2. c4 e6 3. Nf3 Nf6 4. g3 Be7 5. Bg2 O-O 6. O-O b6 7. cxd5 exd5 8. Nc3 Bb7 9. Bf4 a6 10. Rc1 Nbd7 11. Qb3 Rc8 12. Rfd1 Re8 13. Ne5 Nf8 14. e4 Ne6 15. exd5 Nxf4 16. d6 N4d5 17. Nxd5 Nxd5 18. d7 c6 19. dxc8=Q 1-0

[Event "Oebro CXU Nytaar 2025"]
[Site "Copenhagen"]
[Date "2025.12.29"]
[Round "5.19"]
[White "Lilja, Richard"]
[Black "Hove, Svend Kjems"]
[Result "1-0"]
[WhiteElo "2104"]
[BlackElo "1837"]
[WhiteFideId "1403109"]
[BlackFideId "1408194"]
[EventDate "2025.12.27"]
[EventType "swiss"]
[EventRounds "7"]
[EventCountry "DEN"]
[SourceTitle "Live v. Obro Skakforening"]

1. e4 d5 2. exd5 Qxd5 3. Nc3 Qe6+ 4. Be2 Qg6 5. Nf3 Qxg2 6. Rg1 Qh3 7. Rg3 Qd7 8. d4 f6 9. d5 c6 10. Bf4 e5 11. dxe6 Qxd1+ 12. Rxd1 Bxe6 13. Nd4 Bd7 14. Re3+ Ne7 15. Ne4 Kf7 16. Nd6+ Kg8 17. Nxb7 g5 18. Bg3 Nd5 19. Bc4 Kg7 20. Ne6+ Bxe6 21. Rxe6 Nb6 22. Be2 h5 23. h4 g4 24. c3 N8d7 25. Rxc6 Re8 26. Rc7 Re7 27. Nd6 Kg6 28. Rxa7 Re6 29. Kf1 Ne5 30. Bxe5 Rxe5 31. Bd3+ f5 32. Nf7 Bg7 33. Nxh8+ Bxh8 34. Ra6 Re6 35. a4 Bf6 36. a5 Bxh4 37. Rxb6 Rxb6 38. axb6 g3 39. b7 g2+ 40. Kxg2 1-0

[Event "Oebro CXU Nytaar 2025"]
[Site "Copenhagen"]
[Date "2025.12.29"]
[Round "5.20"]
[White "Andersen, Claus Nis"]
[Black "Petersen, Nils"]
[Result "0-1"]
[WhiteElo "1825"]
[BlackElo "1942"]
[WhiteFideId "1415735"]
[BlackFideId "1403346"]
[EventDate "2025.12.27"]
[EventType "swiss"]
[EventRounds "7"]
[EventCountry "DEN"]
[SourceTitle "Live v. Obro Skakforening"]

1. d4 Nf6 2. c4 e6 3. Nf3 Bb4+ 4. Bd2 c5 5. e3 Qb6 6. Bxb4 cxb4 7. Nbd2 d5 8. c5 Qa5 9. Bd3 O-O 10. O-O Nc6 11. Nb3 Qc7 12. Qc2 a5 13. Nbd2 e5 14. dxe5 Nxe5 15. Nxe5 Qxe5 16. Nf3 Qh5 17. Nd4 Ng4 18. Nf3 h6 19. c6 bxc6 20. Qxc6 Be6 21. Qd6 Rfd8 22. Qg3 Rac8 23. Rac1 Nf6 24. a3 bxa3 25. bxa3 Ne4 26. Bxe4 dxe4 27. Nd4 Bc4 28. Rfe1 a4 29. Rc3 Bd3 30. Rec1 Rxc3 31. Rxc3 Qd1# 0-1

[Event "Oebro CXU Nytaar 2025"]
[Site "Copenhagen"]
[Date "2025.12.30"]
[Round "6.1"]
[White "Ramsdal, Jens Albert"]
[Black "Nielsen, Viktor Haarmark"]
[Result "0-1"]
[WhiteElo "2317"]
[BlackElo "2368"]
[WhiteFideId "1429221"]
[BlackFideId "1444492"]
[EventDate "2025.12.27"]
[EventType "swiss"]
[EventRounds "7"]
[EventCountry "DEN"]
[SourceTitle "Live v. Obro Skakforening"]

1. e4 e5 2. Nf3 Nc6 3. Nc3 Nf6 4. d4 exd4 5. Nxd4 Bb4 6. Nxc6 bxc6 7. Bd3 d5 8. exd5 cxd5 9. O-O O-O 10. h3 c6 11. Qf3 Bd6 12. Bf4 Rb8 13. b3 Qc7 14. Ne2 Re8 15. Rfe1 Bd7 16. Qg3 Bxf4 17. Qxf4 Qxf4 18. Nxf4 Kf8 19. f3 Rxe1+ 20. Rxe1 Re8 21. Rxe8+ Kxe8 22. Kf2 Ke7 23. Ke3 c5 24. h4 h6 25. g4 Bc6 26. c3 Kd6 27. Ne2 g5 28. h5 Ke5 29. b4 d4+ 30. cxd4+ cxd4+ 31. Kf2 Nd5 32. b5 Bd7 33. a4 Nb4 34. Nc1 Kd5 35. Be2 Be6 36. f4 f6 37. f5 Bf7 38. Nb3 d3 39. Bf3+ Kc4 40. Na5+ Kc3 41. Nc6 d2 42. Nxa7 Bd5 43. Be2 Bc4 44. Bf3 Nd3+ 45. Ke3 Ne1 46. Bd1 Bb3 47. b6 Ng2+ 48. Kf2 Bxd1 49. Nb5+ Kb4 50. b7 Bxa4 51. b8=Q d1=Q 52. Nd6+ Kc5 53. Ne4+ Kd4 54. Qb4+ Ke5 55. Nd2 Qe1+ 56. Kxg2 Bc6+ 0-1

[Event "Oebro CXU Nytaar 2025"]
[Site "Copenhagen"]
[Date "2025.12.30"]
[Round "6.2"]
[White "Falkesgaard, Jeppe Hald"]
[Black "Aabling Thomsen, Jakob"]
[Result "0-1"]
[WhiteElo "2240"]
[BlackElo "2340"]
[WhiteFideId "1464981"]
[BlackFideId "1407589"]
[EventDate "2025.12.27"]
[EventType "swiss"]
[EventRounds "7"]
[EventCountry "DEN"]
[SourceTitle "Live v. Obro Skakforening"]

1. d4 d6 2. c4 f5 3. Nc3 Nf6 4. Bg5 Nbd7 5. Qc2 g6 6. h4 Bg7 7. O-O-O O-O 8. e3 c6 9. Be2 h6 10. Bf4 Qa5 11. g4 Nxg4 12. Bxg4 fxg4 13. Qxg6 Qf5 14. Qxf5 Rxf5 15. Nge2 Nf8 16. e4 Rf7 17. Be3 Kh7 18. Rdg1 Bd7 19. Ng3 a5 20. Nf5 Bxf5 21. exf5 Rxf5 22. Rxg4 a4 23. Rhg1 Rf7 24. Ne2 Ra5 25. Nf4 Raf5 26. d5 Be5 27. Ne2 Rg7 28. Rxg7+ Bxg7 29. Ng3 Rf3 30. b4 axb3 31. axb3 cxd5 32. cxd5 Be5 33. Kd2 Bxg3 34. fxg3 Rf5 35. Ke2 Nd7 36. g4 Rxd5 37. Rc1 Nf6 38. Kf3 Rd3 39. b4 Nxg4 40. Kxg4 Rxe3 41. b5 Kg6 42. Rc7 b6 43. Rb7 Re4+ 44. Kg3 Kh5 45. Rxb6 Rxh4 46. Rb7 Re4 47. b6 Kg5 48. Rb8 Re3+ 49. Kf2 Rb3 50. b7 Kh4 51. Rh8 Rxb7 52. Rxh6+ Kg5 53. Rh7 Kf6 54. Ke3 Ke6 55. Kd4 Rb4+ 56. Kd3 Rf4 57. Ke3 Rf7 58. Rh5 Kd7 59. Ra5 Rh7 60. Ra7+ Ke6 61. Ra5 Rh3+ 62. Ke4 Rh4+ 63. Ke3 d5 64. Ra7 Kf6 65. Rd7 e6 66. Kd3 Ke5 67. Re7 Rh3+ 68. Ke2 Kf5 69. Rf7+ Ke4 70. Rf2 e5 71. Rg2 Rh4 72. Rf2 d4 73. Rg2 Rf4 74. Kd2 Rf3 75. Rh2 Ra3 76. Rh4+ Kd5 77. Rh5 Re3 78. Rg5 Kc4 79. Rg8 Rd3+ 80. Ke2 Rh3 81. Rc8+ Kd5 82. Rg8 Rh2+ 83. Ke1 e4 84. Re8 d3 85. Rd8+ Ke5 86. Kd1 Kf4 0-1

[Event "Oebro CXU Nytaar 2025"]
[Site "Copenhagen"]
[Date "2025.12.30"]
[Round "6.3"]
[White "Gregor, Bjarke"]
[Black "Heimisson, Hilmir Freyr"]
[Result "0-1"]
[WhiteElo "2056"]
[BlackElo "2303"]
[WhiteFideId "1423401"]
[BlackFideId "2309998"]
[EventDate "2025.12.27"]
[EventType "swiss"]
[EventRounds "7"]
[EventCountry "DEN"]
[SourceTitle "Live v. Obro Skakforening"]

1. e4 e6 2. d4 d5 3. e5 c5 4. c3 Nc6 5. Nf3 Bd7 6. Bd3 cxd4 7. O-O dxc3 8. Nxc3 Nge7 9. Bg5 a6 10. Re1 h6 11. Be3 Na5 12. b4 Nc4 13. Bxc4 dxc4 14. Bc5 Bc6 15. Qe2 Qd3 16. Qxd3 cxd3 17. Rad1 O-O-O 18. Nd4 Nf5 19. Nxc6 bxc6 20. Ne4 Rd5 21. Nc3 Rd7 22. Na4 Kc7 23. Bxf8 Rxf8 24. Nc5 Rd4 25. Rxd3 Rxd3 26. Nxd3 Rd8 27. Nc5 Kb6 28. Rc1 Rd2 29. a4 Nd4 30. Kf1 Rb2 31. Nd3 Rb3 32. Rd1 Nc2 33. a5+ Kb5 34. Rc1 Rxd3 35. Rxc2 Rd5 36. f4 g5 37. g3 gxf4 38. gxf4 Rd4 39. Rc5+ Kxb4 40. Rxc6 Rxf4+ 0-1

[Event "Oebro CXU Nytaar 2025"]
[Site "Copenhagen"]
[Date "2025.12.30"]
[Round "6.4"]
[White "Hector, Jonny"]
[Black "Jalving, August"]
[Result "1/2-1/2"]
[WhiteElo "2418"]
[BlackElo "2231"]
[WhiteFideId "1700090"]
[BlackFideId "1471759"]
[EventDate "2025.12.27"]
[EventType "swiss"]
[EventRounds "7"]
[EventCountry "DEN"]
[SourceTitle "Live v. Obro Skakforening"]

1. e4 c5 2. Nc3 d6 3. f4 g6 4. d4 cxd4 5. Qxd4 Nf6 6. Bd3 Nc6 7. Qf2 Bg7 8. Nf3 O-O 9. O-O d5 10. e5 Ng4 11. Qc5 e6 12. h3 Nh6 13. g4 f6 14. exf6 Bxf6 15. Bd2 Nf7 16. Rae1 Bd7 17. Qf2 Nd6 18. Re2 Qb6 19. Qxb6 axb6 20. Ne5 Bxe5 21. fxe5 Rxf1+ 22. Kxf1 Nf7 23. Nxd5 exd5 24. e6 Bxe6 25. Rxe6 Rxa2 26. Re8+ Kg7 27. g5 Nd6 28. Re6 Nc4 29. Bc3+ Kf7 30. Rf6+ Ke7 31. Bxc4 dxc4 32. Rf4 b5 33. Rh4 Ra1+ 34. Ke2 Rg1 35. Rxh7+ Ke6 36. h4 Rg2+ 37. Kf3 Rxc2 38. Rxb7 b4 39. Bf6 c3 40. bxc3 bxc3 41. Ke3 Rh2 42. Bxc3 Rh3+ 43. Kd2 Rxh4 44. Bf6 Nd4 45. Ke3 Nf5+ 46. Kf3 Rh3+ 47. Kg2 Rd3 48. Rb8 Ra3 49. Rb6+ Kf7 50. Be5 Ra5 51. Rf6+ Ke7 52. Bf4 Ra4 53. Kf3 Nd4+ 54. Kf2 Nf5 55. Bd2 Nd6 56. Rxg6 Ne4+ 57. Ke3 Nxd2 58. Kxd2 Rg4 59. Ke3 Kf7 60. Rf6+ Kg7 61. Rf5 1/2-1/2

[Event "Oebro CXU Nytaar 2025"]
[Site "Copenhagen"]
[Date "2025.12.30"]
[Round "6.5"]
[White "Kistrup, Nicolai"]
[Black "Jarlskov, Daniel Tuk Hartso"]
[Result "1-0"]
[WhiteElo "2365"]
[BlackElo "2202"]
[WhiteFideId "1444816"]
[BlackFideId "1463896"]
[EventDate "2025.12.27"]
[EventType "swiss"]
[EventRounds "7"]
[EventCountry "DEN"]
[SourceTitle "Live v. Obro Skakforening"]

1. e4 c6 2. d4 d5 3. e5 c5 4. dxc5 e6 5. Bd3 Bxc5 6. Qg4 Bf8 7. Nf3 Nd7 8. O-O h5 9. Qf4 Nh6 10. Re1 Nc5 11. Bf1 Bd7 12. Nc3 a6 13. a4 b6 14. b4 Nb7 15. Bd3 a5 16. bxa5 Rxa5 17. Nb5 Be7 18. Bd2 Ra8 19. Nd6+ Nxd6 20. exd6 Bf6 21. Ne5 O-O 22. Ra3 Ng4 23. Nxd7 Qxd7 24. h3 e5 25. Qg3 Nxf2 26. Qxf2 Qxd6 27. Rb3 e4 28. Bb4 Qd8 29. Bxf8 Qxf8 30. Bb5 Be7 31. Qf5 e3 32. Qxd5 Rd8 33. Qxh5 g6 34. Qf3 Rd2 35. Rbxe3 Bc5 36. Kh1 Bxe3 37. Qxe3 Qd6 38. Bd3 Qb4 39. Qe8+ Kg7 40. Qe5+ Kg8 41. Bxg6 fxg6 42. Qe8+ Kg7 43. Re7+ 1-0

[Event "Oebro CXU Nytaar 2025"]
[Site "Copenhagen"]
[Date "2025.12.30"]
[Round "6.6"]
[White "Fries Nielsen, Jens Ove"]
[Black "Petersen, Lasse Emil"]
[Result "1-0"]
[WhiteElo "2273"]
[BlackElo "1904"]
[BlackFideId "1440659"]
[EventDate "2025.12.27"]
[EventType "swiss"]
[EventRounds "7"]
[EventCountry "DEN"]
[SourceTitle "Live v. Obro Skakforening"]

1. d4 Nf6 2. Nc3 d5 3. e3 Bf5 4. h3 e6 5. g4 Bg6 6. h4 h6 7. Nh3 a6 8. Nf4 Bh7 9. g5 hxg5 10. hxg5 Bxc2 11. Qxc2 Rxh1 12. gxf6 gxf6 13. e4 c6 14. Qb3 b5 15. Be3 Nd7 16. O-O-O Rh8 17. Re1 b4 18. Na4 Be7 19. Bd2 a5 20. Kb1 Qb8 21. Bg2 Kf8 22. Qf3 Qa7 23. Be3 Rd8 24. exd5 cxd5 25. Rc1 Qb8 26. Rg1 Rg8 27. Nxe6+ fxe6 28. Bh6+ Kf7 29. Qh5+ Rg6 30. Be4 Rg8 31. Bxg6+ Rxg6 32. Qxg6# 1-0

[Event "Oebro CXU Nytaar 2025"]
[Site "Copenhagen"]
[Date "2025.12.30"]
[Round "6.7"]
[White "Peitersen, Andreas"]
[Black "Matthiesen, Martin"]
[Result "1/2-1/2"]
[WhiteElo "2054"]
[BlackElo "2289"]
[WhiteFideId "1479814"]
[BlackFideId "1404067"]
[EventDate "2025.12.27"]
[EventType "swiss"]
[EventRounds "7"]
[EventCountry "DEN"]
[SourceTitle "Live v. Obro Skakforening"]

1. e4 e5 2. Nf3 Nc6 3. Nc3 Nf6 4. d4 exd4 5. Nxd4 Bb4 6. Nxc6 bxc6 7. Bd3 d5 8. exd5 O-O 9. O-O cxd5 10. Bg5 c6 11. Qf3 Bd6 12. Bxf6 Qxf6 13. Qxf6 gxf6 14. Ne2 Be5 15. Rab1 Be6 16. f4 Bd6 17. Ng3 Rfb8 18. Nh5 Be7 19. Rfe1 f5 20. Ng3 Rb4 21. Bxf5 Bc5+ 22. Kh1 Bxf5 23. Nxf5 Rxf4 24. Rf1 Rxf1+ 25. Rxf1 Re8 26. Nh6+ Kg7 27. Nf5+ Kg8 28. Nh6+ Kg7 29. Nf5+ Kf8 30. c3 Re2 31. b4 Bf2 32. a4 a6 33. g3 Ra2 34. Nh6 Rc2 35. Ng4 Ba7 36. Ne5 Bf2 37. Nxc6 Rxc3 38. b5 Be3 39. Ne5 axb5 40. Rxf7+ Ke8 41. axb5 d4 42. Rf3 d3 43. Nc4 d2 44. Nxd2 Bxd2 45. Rxc3 Bxc3 46. Kg2 Bd4 47. Kf3 Bg1 48. h3 Kf7 49. Ke4 Kf6 50. Kf4 Bb6 51. h4 Bc7+ 52. Kg4 Kg6 53. Kh3 Kf5 54. g4+ Kf4 55. g5 Bb6 56. Kg2 Kg4 57. Kh1 Kxh4 58. Kg2 Kg4 59. Kh2 Bf2 60. Kg2 Bg3 61. b6 Bd6 62. b7 Bb8 63. Kh1 Kh3 64. Kg1 Bf4 65. b8=Q Bxb8 66. Kh1 Bg3 67. Kg1 Bf4 68. Kh1 Bh2 69. g6 hxg6 1/2-1/2